000 00461nam a2200169Ia 4500
005 20241219030626.0
008 240331s9999 xx 000 0 und d
020 _a0195644239
082 _bIND
_24794
_a305
245 0 _aMemsahibs Abroad
_bWritings by Women Travellers in Nineteenth Century India
260 _aDelhi
_bOxford Univeristy Press
_c1998
300 _axvii, 298 p.,
650 _aWomen
650 _aHistory
700 _aGhose, I
_eedt
942 _cL
999 _c1408
_d1408